Word Ladder: 'Home' for Kids Quiz Stats

 Plays Quiz Updated Jun 3, 2015

Challenge
Share
Tweet
Embed
Score 0/11 Timer 01:30
2 Plays Today
Clue 4-Letter Word % Correct
Oak, elm, ash, or fir, e.g.TREE
99.2%
At no costFREE
99.1%
Go from ice to waterMELT
96.5%
Pass gasFART
95.9%
Dozens of inchesFEET
95.4%
A part of a guitarFRET
92.3%
Stop!HALT
91.8%
A track competitionMEET
91.6%
For some people, a milkshakeMALT
90.4%
A male red deerHART
86.5%
Dix, Ticonderoga, Necessity, Worth, or Knox, e.g.FORT
85.6%

Today's Daily Dose

Missing Word
Entertainment 'M'

Word Ladder
North Carolina

On This Day
January 16th II

You're not logged in!

Compare scores with friends on all Sporcle quizzes.
OR
Log In

You Might Also Like...

Show Comments

Extras

Top Quizzes Today


Score Distribution

Your Account Isn't Verified!

In order to create a playlist on Sporcle, you need to verify the email address you used during registration. Go to your Sporcle Settings to finish the process.

Report this User

Report this user for behavior that violates our Community Guidelines.

Details: